000 004560000a22001690004500
003 MACL
005 20151229130737.0
008 151229b xxu||||| |||| 00| 0 eng d
040 _aMACL
_cMACL
041 _aEnglish
082 _a294.5/NIK
100 _aSwami Nikhilananda
_923795
245 _aHinduism
_bIts meaning for the liberation of the spirit
260 _bSri Ramakrishna Math
_aMadras
650 _aReligion
_923796
942 _cBK
_k294.5/NIK
_2ddc
999 _c34319
_d34319